000 00306nam a22001337a 4500
008 180910b xxu||||| |||| 00| 0 eng d
020 _a9780023174001
041 _aeng
080 _24 ED
_a616.073
100 _a6
101 _aGEN
245 _aThe Science Of Genetics
_cBurns.G.W
942 _2udc
_cBK
999 _c47627
_d47627